Power, influence, and authority : an essay in political linguistics /
Saved in:
| Main Author: | |
|---|---|
| Format: | Book |
| Language: | English |
| Published: |
New York :
Oxford University Press,
1975.
|
| Subjects: | |
| Tags: |
Add Tag
No Tags, Be the first to tag this record!
|
MARC
| LEADER | 00000nam a2200000 i 4500 | ||
|---|---|---|---|
| 001 | 789501 | ||
| 005 | 20140924041842.0 | ||
| 008 | 750618s1975 nyu b 000 0 eng | ||
| 040 | |a DLC |c DLC |d DLC |d CIICLA | ||
| 082 | 0 | 0 | |a 320.014 |b B439p |
| 100 | 1 | |a Bell, David V. J. | |
| 245 | 1 | 0 | |a Power, influence, and authority : |b an essay in political linguistics / |c David V. J. Bell. |
| 260 | |a New York : |b Oxford University Press, |c 1975. | ||
| 300 | |a xii, 131 páginas | ||
| 504 | |a Incluye referencias bibliográficas. | ||
| 650 | 1 | 4 | |a COMUNICACION |x ASPECTOS SOCIALES |
| 650 | 1 | 4 | |a COMUNICACION EN POLITICA |
| 650 | 1 | 4 | |a PODER (CIENCIAS SOCIALES) |
| 650 | 1 | 4 | |a AUTORIDAD |
| 650 | 1 | 4 | |a INFLUENCIA (PSICOLOGIA) |
| 942 | |2 ddc |c BK | ||
| 999 | |c 3501 |d 3501 | ||
